[Event "Titled Tuesday intern op 04th Mar Early"]
[Site "Chess.com INT"]
[Date "2025.03.04"]
[Round "9"]
[White "Campelo, Leandro Fabricio"]
[Black "Fayard, Alain"]
[Result "1-0"]
[WhiteElo "2114"]
[BlackElo "2071"]
[PlyCount "83"]
[EventDate "2025.03.04"]
[EventType "swiss (blitz)"]
[EventRounds "11"]
[EventCountry "USA"]
[SourceTitle "CB11_2025"]
[SourceDate "2025.03.12"]
[SourceVersion "1"]
[SourceVersionDate "2025.03.12"]
[SourceQuality "1"]

1. e4 c6 2. d4 d5 3. Nc3 dxe4 4. Nxe4 Nf6 5. Nxf6+ exf6 6. c3 Bd6 7. Bd3 0-0 8. Qc2 h5 9. Ne2 Re8 10. 0-0 Qc7 11. h3 Nd7 12. c4 c5 13. Be3 Nf8 14. Nc3 Be6 15. Nb5 Bh2+ 16. Kh1 Qb8 17. dxc5 a6 18. Nc3 h4 19. Nd5 Be5 20. f4 Bc7 21. Rae1 Qd8 22. Qd1 f5 23. Nxc7 Qxc7 24. Qc2 g6 25. b4 Red8 26. Rd1 Rd7 27. Be2 Rad8 28. Rxd7 Bxd7 29. Bf3 Ne6 30. Qf2 a5 31. a3 Ba4 32. Qxh4 Rd3 33. Bc1 Qd7 34. Bb2 Nd4 35. Qf6 Rd2 36. Ba1 axb4 37. axb4 Bc6 38. Bxc6 bxc6 39. Re1 Rd3 40. Re7 Rd1+ 41. Kh2 Nf3+ 42. Kg3 1-0

[Event "Titled Tuesday intern op 04th Mar Early"]
[Site "Chess.com INT"]
[Date "2025.03.04"]
[Round "7"]
[White "Lau, Lut Yin Luke"]
[Black "Campelo, Leandro Fabricio"]
[Result "1-0"]
[WhiteElo "2240"]
[BlackElo "2114"]
[PlyCount "59"]
[EventDate "2025.03.04"]
[EventType "swiss (blitz)"]
[EventRounds "11"]
[EventCountry "USA"]
[SourceTitle "CB11_2025"]
[SourceDate "2025.03.12"]
[SourceVersion "1"]
[SourceVersionDate "2025.03.12"]
[SourceQuality "1"]

1. g3 g6 2. Bg2 Bg7 3. Nf3 Nf6 4. 0-0 d6 5. d3 0-0 6. Nbd2 e5 7. e4 Nc6 8. Re1 h6 9. Nf1 Be6 10. c3 Qd7 11. Qc2 Bh3 12. Bh1 Nh5 13. Be3 f5 14. exf5 gxf5 15. Nh4 Ne7 16. Rad1 f4 17. Bc1 fxg3 18. hxg3 Bg4 19. Qb3+ Kh8 20. Rd2 c6 21. Ne3 Be6 22. Qd1 d5 23. Qxh5 d4 24. cxd4 exd4 25. Nc4 Bg4 26. Rxe7 Qxe7 27. Ng6+ Kh7 28. Nxf8+ Rxf8 29. Be4+ Kh8 30. Qxg4 1-0

[Event "Titled Tuesday intern op 11th Feb Early"]
[Site "Chess.com INT"]
[Date "2025.02.11"]
[Round "7"]
[White "Campelo, Leandro Fabricio"]
[Black "Kotyk, Michael"]
[Result "1-0"]
[WhiteElo "2125"]
[BlackElo "2222"]
[PlyCount "151"]
[EventDate "2025.02.11"]
[EventType "swiss (blitz)"]
[EventRounds "11"]
[EventCountry "USA"]
[SourceTitle "CB08_2025"]
[SourceDate "2025.02.19"]
[SourceVersion "1"]
[SourceVersionDate "2025.02.19"]
[SourceQuality "1"]

1. e4 e5 2. Nf3 Nc6 3. Bb5 Nge7 4. Nc3 a6 5. Ba4 d6 6. a3 Bd7 7. d3 Ng6 8. h4 Be7 9. h5 Nf8 10. Be3 Ne6 11. Nd5 b5 12. Bb3 Ncd4 13. Ba2 c6 14. Nxe7 Qxe7 15. c3 Nxf3+ 16. Qxf3 Qf6 17. Qxf6 gxf6 18. d4 Ke7 19. g3 Rhg8 20. Ke2 Ng5 21. Bb1 Bg4+ 22. Kf1 Bf3 23. Rh4 h6 24. Bd3 d5 25. dxe5 fxe5 26. Bc5+ Ke6 27. exd5+ cxd5 28. a4 e4 29. Be2 bxa4 30. Rxa4 a5 31. Rf4 f5 32. Rh4 Bxe2+ 33. Kxe2 Nf3 34. Rh1 Ne5 35. Rha1 Nc4 36. b3 Nb2 37. Rxa5 Rxa5 38. Rxa5 Nd3 39. Ra6+ Kf7 40. Bd4 f4 41. gxf4 Nxf4+ 42. Ke3 Ne6 43. Ra7+ Ke8 44. b4 Rg1 45. b5 Re1+ 46. Kd2 Rb1 47. Bf6 Rxb5 48. Re7+ Kf8 49. Rxe6 Rb2+ 50. Ke3 Kf7 51. Rc6 Rb1 52. Bd4 Re1+ 53. Kf4 Rh1 54. Rxh6 Kg8 55. Rg6+ Kf7 56. Rg7+ Kf8 57. Rh7 Kg8 58. Rh8+ Kf7 59. h6 Kg6 60. Ke5 Rh5+ 61. Kd6 Kf5 62. h7 Rh6+ 63. Kxd5 Kg4 64. Rg8+ Kf3 65. h8Q Rxh8 66. Rxh8 Ke2 67. Kxe4 Kd2 68. c4 Ke2 69. c5 Kf1 70. c6 Ke2 71. c7 Kf1 72. c8Q Ke2 73. f4 Kf1 74. f5 Ke2 75. Rh2+ Kf1 76. Qc1# 1-0

[Event "Titled Tuesday intern op 11th Feb Early"]
[Site "Chess.com INT"]
[Date "2025.02.11"]
[Round "3"]
[White "Campelo, Leandro Fabricio"]
[Black "Martel Bruniaux, Malko"]
[Result "1-0"]
[WhiteElo "2125"]
[BlackElo "2164"]
[PlyCount "131"]
[EventDate "2025.02.11"]
[EventType "swiss (blitz)"]
[EventRounds "11"]
[EventCountry "USA"]
[SourceTitle "CB09_2025"]
[SourceDate "2025.02.27"]
[SourceVersion "1"]
[SourceVersionDate "2025.02.27"]
[SourceQuality "1"]

1. e4 g6 2. d4 Bg7 3. Nc3 d6 4. Be3 a6 5. a4 Nd7 6. Qd2 c5 7. f3 cxd4 8. Bxd4 Bxd4 9. Qxd4 Ngf6 10. Bc4 Qb6 11. Qxb6 Nxb6 12. Bb3 Be6 13. Bxe6 fxe6 14. b3 Rc8 15. Nge2 0-0 16. 0-0-0 Rc5 17. Kb2 Rfc8 18. Rd2 Kg7 19. Rd3 Nbd7 20. Rc1 Ne5 21. Rd2 b5 22. axb5 axb5 23. Na2 Kf7 24. h3 g5 25. Nb4 h6 26. Nd3 Nxd3+ 27. cxd3 e5 28. Rdc2 Nd7 29. d4 Rxc2+ 30. Rxc2 Rxc2+ 31. Kxc2 Kf6 32. Kc3 Nb8 33. dxe5+ Kxe5 34. Kb4 Nd7 35. Kxb5 Nc5 36. b4 Nd3 37. Ka5 Ne1 38. b5 d5 39. b6 Kd6 40. Ka6 Nd3 41. b7 Nc5+ 42. Ka7 Nd7 43. b8Q+ Nxb8 44. Kxb8 dxe4 45. fxe4 Ke5 46. Nc3 Kd4 47. Nd5 Kxe4 48. Nxe7 Kf4 49. g4 Kg3 50. Nf5+ Kxh3 51. Nxh6 Kg3 52. Kc7 Kf4 53. Kd6 Ke4 54. Ke6 Ke3 55. Kf6 Kf4 56. Kg6 Ke5 57. Kxg5 Ke6 58. Kg6 Ke7 59. Kg7 Ke6 60. g5 Ke7 61. g6 Ke6 62. Kf8 Kf6 63. g7 Kg6 64. g8Q+ Kxh6 65. Qg4 Kh7 66. Qg7# 1-0

[Event "Titled Tuesday intern op 11th Feb Early"]
[Site "Chess.com INT"]
[Date "2025.02.11"]
[Round "9"]
[White "Gutierrez Olivares, Daniel"]
[Black "Campelo, Leandro Fabricio"]
[Result "1-0"]
[WhiteElo "2354"]
[BlackElo "2125"]
[PlyCount "79"]
[EventDate "2025.02.11"]
[EventType "swiss (blitz)"]
[EventRounds "11"]
[EventCountry "USA"]
[SourceTitle "CB08_2025"]
[SourceDate "2025.02.19"]
[SourceVersion "1"]
[SourceVersionDate "2025.02.19"]
[SourceQuality "1"]

1. Nf3 Nf6 2. c4 g6 3. g3 Bg7 4. Bg2 d6 5. 0-0 0-0 6. Nc3 e5 7. Rb1 a5 8. a3 Nc6 9. b4 axb4 10. axb4 Nd4 11. Ne1 c6 12. e3 Ne6 13. d3 d5 14. Bd2 d4 15. Ne4 Nxe4 16. Bxe4 Ng5 17. Bg2 Nh3+ 18. Kh1 Ra2 19. e4 h5 20. Ra1 Rxa1 21. Qxa1 h4 22. Qc1 Qf6 23. Nf3 hxg3 24. fxg3 Bg4 25. Ng5 Nf2+ 26. Kg1 Nxd3 27. Qb1 Nf4 28. gxf4 exf4 29. Bxf4 d3 30. Qxd3 Rd8 31. Qg3 Qd4+ 32. Kh1 f5 33. Ne6 Qd7 34. Nxd8 Qxd8 35. h3 Bh5 36. exf5 Be2 37. Re1 Bxc4 38. Qxg6 Bf7 39. Qg3 Qd4 40. Be5 1-0

[Event "Titled Tuesday intern op 11th Feb Early"]
[Site "Chess.com INT"]
[Date "2025.02.11"]
[Round "5"]
[White "Keller, Peter1"]
[Black "Campelo, Leandro Fabricio"]
[Result "0-1"]
[WhiteElo "2308"]
[BlackElo "2125"]
[PlyCount "60"]
[EventDate "2025.02.11"]
[EventType "swiss (blitz)"]
[EventRounds "11"]
[EventCountry "USA"]
[SourceTitle "CB08_2025"]
[SourceDate "2025.02.19"]
[SourceVersion "1"]
[SourceVersionDate "2025.02.19"]
[SourceQuality "1"]

1. e4 e6 2. d4 d5 3. Nc3 Bb4 4. e5 c5 5. a3 Bxc3+ 6. bxc3 Qc7 7. Qg4 f5 8. Qg3 Nc6 9. Nf3 Nge7 10. Bd2 0-0 11. Bd3 cxd4 12. cxd4 Bd7 13. h4 Na5 14. Bb4 Nac6 15. Bd6 Qa5+ 16. Ke2 f4 17. Qg5 Nf5 18. Qxf4 Qc3 19. Qg5 Ncxd4+ 20. Nxd4 Nxd4+ 21. Ke3 Nxc2+ 22. Ke2 Nxa1 23. Rxa1 Qxa1 24. Qh5 Rf5 25. Bxf5 exf5 26. Qg5 Qb2+ 27. Kf3 Qc3+ 28. Kf4 Qd4+ 29. Kg3 Qg4+ 30. Qxg4 fxg4 0-1

[Event "Titled Tuesday intern op 11th Feb Early"]
[Site "Chess.com INT"]
[Date "2025.02.11"]
[Round "2"]
[White "Shubenkova, Veronika"]
[Black "Campelo, Leandro Fabricio"]
[Result "1-0"]
[WhiteElo "2024"]
[BlackElo "2125"]
[PlyCount "77"]
[EventDate "2025.02.11"]
[EventType "swiss (blitz)"]
[EventRounds "11"]
[EventCountry "USA"]
[SourceTitle "CB08_2025"]
[SourceDate "2025.02.19"]
[SourceVersion "1"]
[SourceVersionDate "2025.02.19"]
[SourceQuality "1"]

1. e4 c5 2. Nf3 e6 3. d4 cxd4 4. Nxd4 Nc6 5. Nc3 Qc7 6. Be3 a6 7. a3 Nf6 8. Be2 Ne5 9. 0-0 Nc4 10. Bxc4 Qxc4 11. e5 Nd5 12. Ne4 Nxe3 13. fxe3 Be7 14. Qg4 g6 15. Nf5 gxf5 16. Nd6+ Bxd6 17. Qxc4 Bxe5 18. e4 f4 19. Rad1 b5 20. Qc5 f6 21. c4 bxc4 22. Qxc4 Bb7 23. Rd2 Bc6 24. Rfd1 Rg8 25. Kf2 a5 26. b4 axb4 27. axb4 Rb8 28. Re1 Rb5 29. Ra2 Rg6 30. Ra8+ Ke7 31. Ra7 Ke8 32. Rd1 f5 33. Rdxd7 Bxd7 34. Rxd7 Kxd7 35. Qxb5+ Kd6 36. Qc5+ Kd7 37. Qxe5 fxe4 38. Qxe4 f3 39. gxf3 1-0

[Event "Titled Tuesday intern op 11th Feb Early"]
[Site "Chess.com INT"]
[Date "2025.02.11"]
[Round "8"]
[White "Voitovich, Vladislav"]
[Black "Campelo, Leandro Fabricio"]
[Result "1-0"]
[WhiteElo "2319"]
[BlackElo "2125"]
[PlyCount "83"]
[EventDate "2025.02.11"]
[EventType "swiss (blitz)"]
[EventRounds "11"]
[EventCountry "USA"]
[SourceTitle "CB08_2025"]
[SourceDate "2025.02.19"]
[SourceVersion "1"]
[SourceVersionDate "2025.02.19"]
[SourceQuality "1"]

1. d4 Nf6 2. Bg5 e6 3. e4 h6 4. Bxf6 Qxf6 5. c3 d5 6. Bd3 c5 7. Nf3 Nc6 8. exd5 exd5 9. 0-0 Be7 10. dxc5 Bxc5 11. Nbd2 0-0 12. Nb3 Bb6 13. h3 Be6 14. Nbd4 Rfe8 15. Qa4 Bd7 16. Qd1 Ne5 17. Nxe5 Qxe5 18. Re1 Qxe1+ 19. Qxe1 Rxe1+ 20. Rxe1 Re8 21. Kf1 Kf8 22. Rxe8+ Kxe8 23. Ke2 g6 24. h4 Ke7 25. g3 a6 26. Ke3 Kd6 27. Kf4 Bc7 28. Ke3 Bb6 29. f4 Bd8 30. Kd2 g5 31. fxg5 hxg5 32. h5 Ke7 33. Bf5 Bxf5 34. Nxf5+ Kf6 35. g4 Bc7 36. Kd3 Be5 37. b3 Ke6 38. h6 Bh8 39. h7 Kf6 40. Kd4 Kg6+ 41. Kxd5 Kxh7 42. c4 1-0

[Event "Florianopolis op 11th"]
[Site "Florianopolis"]
[Date "2025.01.24"]
[Round "8"]
[White "Belmonte, Diego Mariano"]
[Black "Campelo, Leandro Fabricio"]
[Result "1-0"]
[WhiteElo "2310"]
[BlackElo "2113"]
[PlyCount "75"]
[EventDate "2025.01.18"]
[EventType "swiss"]
[EventRounds "10"]
[EventCountry "BRA"]
[SourceTitle "CB05_2025"]
[SourceDate "2025.01.29"]
[SourceVersion "1"]
[SourceVersionDate "2025.01.29"]
[SourceQuality "1"]

1. d4 Nf6 2. c4 g6 3. Nf3 Bg7 4. Nc3 0-0 5. Bg5 h6 6. Bh4 c5 7. d5 d6 8. Nd2 g5 9. Bg3 Nh5 10. e3 Nxg3 11. hxg3 e6 12. Bd3 exd5 13. Nxd5 Nc6 14. Qc2 Be6 15. Bh7+ Kh8 16. Be4 f5 17. Bf3 Bxd5 18. cxd5 Nb4 19. Qb3 Qf6 20. Rb1 a5 21. a3 a4 22. Qc4 Na6 23. Qb5 Qe7 24. Qxa4 Nc7 25. Qc2 g4 26. Bd1 f4 27. gxf4 g3 28. Qe4 gxf2+ 29. Kxf2 Qxe4 30. Nxe4 Nxd5 31. Bf3 Rad8 32. Rbd1 Nxe3 33. Kxe3 Bd4+ 34. Rxd4 cxd4+ 35. Kxd4 Kg7 36. g3 Rc8 37. Rh5 Rc2 38. Rb5 1-0

[Event "Florianopolis op 11th"]
[Site "Florianopolis"]
[Date "2025.01.21"]
[Round "5"]
[White "Campelo, Leandro Fabricio"]
[Black "Rodrigues Mota, Romulo Cardoso S"]
[Result "1-0"]
[WhiteElo "2113"]
[BlackElo "1953"]
[PlyCount "63"]
[EventDate "2025.01.18"]
[EventType "swiss"]
[EventRounds "10"]
[EventCountry "BRA"]
[SourceTitle "CB05_2025"]
[SourceDate "2025.01.29"]
[SourceVersion "1"]
[SourceVersionDate "2025.01.29"]
[SourceQuality "1"]

1. e4 c5 2. Nf3 g6 3. d4 cxd4 4. Nxd4 Bg7 5. Nc3 Nc6 6. Be3 Nf6 7. Bc4 0-0 8. Bb3 d6 9. f3 Bd7 10. h4 h5 11. Qd2 Rc8 12. 0-0-0 Ne5 13. Kb1 a5 14. a4 Nc4 15. Bxc4 Rxc4 16. b3 Rc8 17. Ndb5 Kh7 18. Rdg1 Be6 19. g4 hxg4 20. h5 gxh5 21. Nd5 Bxd5 22. exd5 Rh8 23. fxg4 h4 24. Rxh4+ Kg8 25. Rxh8+ Bxh8 26. g5 Ne4 27. Qg2 Nc3+ 28. Nxc3 Bxc3 29. g6 f5 30. Qh3 Bg7 31. Qh7+ Kf8 32. Bh6 1-0

[Event "Florianopolis op 11th"]
[Site "Florianopolis"]
[Date "2025.01.20"]
[Round "3"]
[White "Campelo, Leandro Fabricio"]
[Black "Mendes Domingues, Ribeiro Matheus"]
[Result "0-1"]
[WhiteElo "2113"]
[BlackElo "2328"]
[PlyCount "118"]
[EventDate "2025.01.18"]
[EventType "swiss"]
[EventRounds "10"]
[EventCountry "BRA"]
[SourceTitle "CB05_2025"]
[SourceDate "2025.01.29"]
[SourceVersion "1"]
[SourceVersionDate "2025.01.29"]
[SourceQuality "1"]

1. e4 c6 2. d4 d5 3. Nc3 dxe4 4. Nxe4 Nf6 5. Nxf6+ exf6 6. c3 Bd6 7. Bd3 0-0 8. Qc2 Re8+ 9. Ne2 h6 10. Be3 Nd7 11. 0-0 Nf8 12. Rad1 Bg4 13. Bf5 Bh5 14. Rd2 Qc7 15. Ng3 Bg6 16. Re2 Bxg3 17. hxg3 Qa5 18. Bxg6 Nxg6 19. a3 Re6 20. Rfe1 Rae8 21. Bc1 Qd5 22. Rxe6 Rxe6 23. Rxe6 Qxe6 24. Kf1 h5 25. f3 Ne7 26. Kf2 Nf5 27. Qd3 Nxg3 28. Kxg3 Qe1+ 29. Kh2 Qxc1 30. Qe4 g6 31. Qe2 Kg7 32. g3 Qg5 33. Qd3 f5 34. f4 Qe7 35. c4 Qe4 36. Qd2 Kf6 37. Qc3 Ke6 38. Qd2 b6 39. b4 a6 40. a4 Qf3 41. a5 bxa5 42. bxa5 Qe4 43. Kg1 Kd7 44. Kh2 Qf3 45. Qb2 Kc8 46. Qc1 Qf2+ 47. Kh3 Qxd4 48. Qa3 Qxc4 49. Qf8+ Kd7 50. Qb8 c5 51. Qb7+ Ke8 52. Qc6+ Kf8 53. Qf6 Kg8 54. Qb6 Kg7 55. Qd6 Qf1+ 56. Kh4 Qe1 57. Qc6 g5+ 58. Kh3 h4 59. gxh4 Qf1+ 0-1

[Event "Florianopolis op 11th"]
[Site "Florianopolis"]
[Date "2025.01.18"]
[Round "1"]
[White "Campelo, Leandro Fabricio"]
[Black "Flores, Carlo Paggiarin"]
[Result "1-0"]
[WhiteElo "2113"]
[BlackElo "1615"]
[PlyCount "75"]
[EventDate "2025.01.18"]
[EventType "swiss"]
[EventRounds "10"]
[EventCountry "BRA"]
[SourceTitle "CB05_2025"]
[SourceDate "2025.01.29"]
[SourceVersion "1"]
[SourceVersionDate "2025.01.29"]
[SourceQuality "1"]

1. e4 e5 2. Nf3 Nc6 3. Bb5 a6 4. Ba4 b5 5. Bb3 Bb7 6. 0-0 h6 7. c3 Nf6 8. Re1 Be7 9. d4 d6 10. Nbd2 0-0 11. Nf1 Qd7 12. Ng3 Rfe8 13. h3 Rad8 14. a4 Bf8 15. axb5 axb5 16. Bc2 Ra8 17. Rxa8 Bxa8 18. Bd3 Na5 19. Qe2 c6 20. b4 Nb7 21. Be3 Qe6 22. Ra1 exd4 23. Nxd4 Qd7 24. Ra7 Qc8 25. Qa2 Nd7 26. Nxc6 Ne5 27. Nxe5 dxe5 28. Bxb5 Rd8 29. Bb6 Rd1+ 30. Nf1 Qxc3 31. Rxa8 Qxb4 32. Qc4 Qxc4 33. Bxc4 Nd6 34. Bd5 Rc1 35. g3 g5 36. Kg2 Kg7 37. Be3 Nb5 38. Bxc1 1-0

[Event "Marmelopolis op"]
[Site "Marmelopolis"]
[Date "2024.09.08"]
[Round "5"]
[White "Campelo, Leandro Fabricio"]
[Black "Pires, Marcos Vinicius Tor"]
[Result "1/2-1/2"]
[WhiteElo "2089"]
[BlackElo "2212"]
[PlyCount "27"]
[EventDate "2024.09.06"]
[EventType "swiss"]
[EventRounds "6"]
[EventCountry "BRA"]
[SourceTitle "EXT 2025"]
[Source "ChessBase"]
[SourceDate "2024.10.14"]
[SourceVersion "1"]
[SourceVersionDate "2024.10.14"]
[SourceQuality "1"]

1. e4 e5 2. Nf3 Nc6 3. Bb5 Nf6 4. 0-0 Nxe4 5. Re1 Nd6 6. Nxe5 Be7 7. Bf1 Nxe5 8. Rxe5 0-0 9. d4 Bf6 10. Re1 Re8 11. Bf4 Rxe1 12. Qxe1 Ne8 13. Nc3 c6 14. d5 1/2-1/2

[Event "Marmelopolis op"]
[Site "Marmelopolis"]
[Date "2024.09.07"]
[Round "4"]
[White "Vargas, Goncalo Cintra"]
[Black "Campelo, Leandro Fabricio"]
[Result "0-1"]
[WhiteElo "1995"]
[BlackElo "2089"]
[PlyCount "72"]
[EventDate "2024.09.06"]
[EventType "swiss"]
[EventRounds "6"]
[EventCountry "BRA"]
[SourceTitle "EXT 2025"]
[Source "ChessBase"]
[SourceDate "2024.10.14"]
[SourceVersion "1"]
[SourceVersionDate "2024.10.14"]
[SourceQuality "1"]

1. Nf3 Nf6 2. b3 g6 3. Bb2 Bg7 4. g3 d6 5. d4 0-0 6. Bg2 Nbd7 7. 0-0 e5 8. e3 e4 9. Nfd2 d5 10. c4 c6 11. Nc3 Re8 12. Rc1 a6 13. Re1 Nf8 14. f3 exf3 15. Bxf3 Ne6 16. cxd5 cxd5 17. Ne2 Ng5 18. Nf4 Nxf3+ 19. Qxf3 Bf5 20. Rc5 Bf8 21. Rxd5 Nxd5 22. Nxd5 Bg7 23. Rf1 Rc8 24. Nc4 b5 25. Ne5 f6 26. g4 fxe5 27. gxf5 e4 28. Qg2 Qxd5 29. f6 Bxf6 30. Rxf6 Re6 31. Rxe6 Qxe6 32. Qg5 Qf5 33. Qg2 Rf8 34. Qe2 Qf3 35. Qe1 Rf5 36. h4 Qg4+ 0-1

[Event "Sao Paulo Hebraica op 33rd"]
[Site "Sao Paulo"]
[Date "2024.06.28"]
[Round "2"]
[White "Campelo, Leandro Fabricio"]
[Black "Vicentini, Luis Felipe Baron"]
[Result "1-0"]
[WhiteElo "2092"]
[BlackElo "1735"]
[PlyCount "147"]
[EventDate "2024.06.28"]
[EventType "swiss"]
[EventRounds "6"]
[EventCountry "BRA"]
[SourceTitle "CBM 221 Extra"]
[Source "ChessBase"]
[SourceDate "2024.09.30"]
[SourceVersion "1"]
[SourceVersionDate "2024.09.30"]
[SourceQuality "1"]

1. e4 c6 2. d4 d5 3. Nc3 dxe4 4. Nxe4 Nf6 5. Nxf6+ exf6 6. c3 Bd6 7. Bd3 0-0 8. Qc2 h5 9. Ne2 Re8 10. 0-0 Qc7 11. h3 Be6 12. Be3 Nd7 13. c4 Qb8 14. Rad1 Nf8 15. Nc3 Qc8 16. Ne4 Bc7 17. Rde1 Bxh3 18. gxh3 Qxh3 19. f3 f5 20. Ng5 Qh4 21. Bxf5 g6 22. Nh3 Rxe3 23. Rxe3 Qxd4 24. Qf2 Bb6 25. Rc3 Qxc3 26. bxc3 Bxf2+ 27. Kxf2 gxf5 28. Rg1+ Ng6 29. Rg5 h4 30. Rxf5 Kg7 31. Ng5 f6 32. Ne4 Rf8 33. c5 Ne5 34. Rh5 Rh8 35. Rxh8 Kxh8 36. Nxf6 Nd3+ 37. Kg2 Nxc5 38. Kh3 Kg7 39. Ng4 Na4 40. c4 Nb6 41. Ne3 Kf6 42. Kxh4 Nd7 43. f4 b5 44. Kg4 Nb6 45. cxb5 cxb5 46. Kf3 a5 47. Ke4 Na4 48. Nd5+ Kf7 49. Kd4 Nb2 50. Kc5 Kg6 51. Nc7 Kf5 52. Nxb5 Kxf4 53. Nc3 Ke5 54. Kb5 a4 55. Kb4 Kd6 56. Ka3 Nc4+ 57. Kxa4 Nb6+ 58. Kb5 Kc7 59. Ne4 Nc8 60. a4 Kb8 61. a5 Ka8 62. Nc5 Nd6+ 63. Kc6 Nc8 64. Kc7 Na7 65. Na4 Nb5+ 66. Kb6 Na7 67. Nc3 Nc8+ 68. Kc7 Na7 69. Nd5 Nb5+ 70. Kb6 Nd6 71. Ka6 Nc8 72. Nb6+ Nxb6 73. axb6 Kb8 74. b7 1-0

[Event "BRA-ch Amateurs U2300"]
[Site "Sao Paulo"]
[Date "2024.06.02"]
[Round "7"]
[White "Campelo, Leandro Fabricio"]
[Black "Ikejiri, Daniel Yoshito"]
[Result "1/2-1/2"]
[WhiteElo "2092"]
[BlackElo "1956"]
[PlyCount "52"]
[EventDate "2024.05.30"]
[EventType "swiss"]
[EventRounds "7"]
[EventCountry "BRA"]
[SourceTitle "CBM 220 Extra"]
[Source "ChessBase"]
[SourceDate "2024.07.31"]
[SourceVersion "1"]
[SourceVersionDate "2024.07.31"]
[SourceQuality "1"]

1. e4 c5 2. Nf3 Nc6 3. d4 cxd4 4. Nxd4 Nf6 5. Nc3 e5 6. Ndb5 d6 7. Bg5 a6 8. Na3 b5 9. Bxf6 gxf6 10. Nd5 f5 11. Bd3 Be6 12. c3 Bxd5 13. exd5 Ne7 14. Nxb5 Bg7 15. Na3 0-0 16. 0-0 e4 17. Bc2 Rc8 18. Qh5 Rc5 19. Rad1 Qb6 20. Bb3 f4 21. Qg5 Ng6 22. Qf5 Re8 23. Rde1 Re5 24. Qd7 Re7 25. Qf5 Re5 26. Qd7 Re7 1/2-1/2